Statistiques concernant Alexandrie - Culture générale

Cliquez ici pour prendre le quiz!

Statistiques générales

  • Ce quiz a été pris 243 fois
  • Le résultat moyen est 12 sur 16

Statistiques - réponses

InformationRéponse% Correct
Célèbre reine d'Égypte compagne de Jules César puis de Marc AurèleCléopâtre VII
99%
L'une des 7 merveilles antiques{Phare} d'Alexandrie
99%
Illustre fondateur de la ville (-331)Alexandre le Grand
93%
Seule ville d'Égypte plus peuplée qu'AlexandrieLe Caire
93%
Mer au bord de laquelle se trouve la villeMéditerranée
93%
Les sirènes du port chantaient Alexandrie, Alexandra à ce chanteur en 1977Claude François
90%
Ce bâtiment culturel est considéré comme le plus vaste de l'époqueBibliothèque
84%
Catastrophe qui aurait le plus probablement détruit ce dernierSéisme
84%
Origine de celle-ci (et de la noblesse d'Alexandrie à l'Antiquité)Grecque
75%
Animateur français de Taratata né iciNagui
72%
Général qui donna son nom à la dernière dynastie de pharaonPtolémée
59%
Cet organe gras est très apprécié dans des sandwichs de rue iciFoie
58%
Nation qui remporta finalement la bataille d'Alexandrie (1801)Grande-Bretagne
57%
Église orthodoxe fondée et siégeant à Alexandrie qui compterait environ 26M d'adeptesÉglise copte
49%
Chanteur franco-grec qui célèbre la ville de sa naissance dans son album Prélude (1976), puis Le métèqueGeorges Moustaki
39%
Peuple historique du Soudan qui migra en grand nombre vers Alexandrie, dopant son économieNubiens
33%

Distribution des résultats

Percentile par nombre de réponses

% des personnes avec chaque résultat

Votre développement - résultats

Vous n’avez pas pris ce quiz